LEADER 01153nam a2200277 i 4500 001 991002111129707536 005 20020508190653.0 008 990125s1975 it ||| | ita 035 $ab10960910-39ule_inst 035 $aPARLA154710$9ExL 040 $aDip.to Filosofia$bita 082 0 $a371.92 100 1 $aCanevaro, Andrea$0144628 245 13$aIl bambino che non sarą padrone :$bil bambino con handicap e l'educazione di tutti :$bdalla pedagogia della competizione a quella della cooperazione /$cdi Andrea Canevaro 260 $aMilano :$bEmme,$c1975 300 $a178 p. ;$c21 cm. 440 3$aIl puntoemme 650 4$aFanciulli anormali$xEducazione 650 4$aFanciulli minorati$xEducazione 907 $a.b10960910$b02-04-14$c28-06-02 912 $a991002111129707536 945 $aLE005 370 CAN03. 02$g1$i2005000041167$lle005$o-$pE0.00$q-$rl$s- $t0$u0$v0$w0$x0$y.i11070328$z28-06-02 945 $aLE005IF XXVIII C 34$g1$i2005000105388$lle005$o-$pE0.00$q-$rl$s- $t0$u0$v0$w0$x0$y.i1107033x$z28-06-02 996 $aBambino che non sarą padrone$9863903 997 $aUNISALENTO 998 $ale005$b01-01-99$cm$da $e-$fita$git $h3$i2 LEADER 01128nam 2200397 450 001 9910796207403321 005 20230808202208.0 010 $a1-68325-588-7 035 $a(CKB)3790000000535664 035 $a(MiAaPQ)EBC5151743 035 $a(Au-PeEL)EBL5151743 035 $a(CaPaEBR)ebr11468804 035 $a(OCoLC)1013822542 035 $a(EXLCZ)993790000000535664 100 $a20200128d2016 uy 0 101 0 $aspa 135 $aurcnu|||||||| 181 $ctxt$2rdacontent 182 $cc$2rdamedia 183 $acr$2rdacarrier 200 10$aGui?a completa del cultivo de las cerezas /$fMagali Martija-Ochoa 210 1$a[Place of publication not identified] :$cEditorial De Vecchi,$d[2016] 210 4$d©2016 215 $a1 online resource (85 pages) 311 $a84-315-2408-1 606 $aCherry 615 0$aCherry. 676 $a634.23 700 $aMartija-Ochoa$b Magali$01537436 801 0$bMiAaPQ 801 1$bMiAaPQ 801 2$bMiAaPQ 906 $aBOOK 912 $a9910796207403321 996 $aGui?a completa del cultivo de las cerezas$93819570 997 $aUNINA